000 00564nam a2200181Ia 4500
005 20260429112233.0
008 260429s9999||||xx |||||||||||||| ||und||
020 _a9788177144994
041 _aHindi
082 _a891.43
_bRAJ
100 _aराजकिशोर
245 0 _aबर्नार्ड शॉ :
_bविचार कोश /
_cराजकिशोर
250 _arev.
260 _aनई दिल्ली :
_bप्रकाशन संस्थान,
_c2018.
300 _a119 p.; Hb
650 _aHindi Literature
942 _cTB
999 _c53052
_d53052